000 00299nam a22001337a 4500
020 _a818014030X
041 _aENG
100 _aJain,S,C
245 _aFarm Machinery An Approach
260 _aDelhi
_bStandard Pub Distributors
_c2006
650 _aFMP
700 _aPhilip .G
856 _uFMP ( 16 )
999 _c1380
_d1380